| 000 | nam a22 7a 4500 | ||
|---|---|---|---|
| 999 |
_c30212 _d30212 |
||
| 008 | 190503b xxu||||| |||| 00| 0 eng d | ||
| 020 | _a9789966469014 | ||
| 050 | _a AFR PL 8704 .A8M6 2017 | ||
| 100 | _aMohamed Said Ahmed; | ||
| 245 |
_aAsali Chungu/ _cMohamed Said Ahmed |
||
| 260 |
_aNairobi,Kenya: _bEast African Education publishers, _c1989. |
||
| 300 |
_a193 p. : _c20cm, |
||
| 650 | _aRiwaya. | ||
| 650 | _aAsali Chungu | ||
| 942 |
_2lcc _cAFRICANA _h AFR PL 8704 .A8M6 2017 |
||